| 000 | 01097nam a2200253 c 4500 | ||
|---|---|---|---|
| 003 | BLK | ||
| 005 | 20250728171833.0 | ||
| 008 | 180411b bul|||||r ||||||| ||bul|| | ||
| 020 | _a9786191646920 | ||
| 040 | _aBLK | ||
| 041 |
_aBUL _cBUL |
||
| 080 |
_aБългарска литература _b821.163.2 _x-31 _z821.163.2-31 |
||
| 084 | _aФ 50 | ||
| 100 | 1 |
_aФилипова, Людмила Орлинова _d1977- _gПисател. Икономист. Магистър по астрономия. Журналист _9277447 |
|
| 245 | 1 | 0 |
_aПланът "Елиминирай Европа" _bРоман базиран на действителни събития _cЛюдмила Филипова. |
| 257 | _aBGR | ||
| 260 |
_9215899 _aСофия _bEnthusiast _c2025 _n978-619-164- ; 978-954-2958- ; 978-954-8657- |
||
| 300 |
_a358 с. _c21 см |
||
| 380 | _aX | ||
| 852 |
_bП _c821.163.2-31/Ф 50 Л |
||
| 942 |
_cKNG _n0 _027 _s1 |
||
| 944 |
_a30570 _cМоника Янева _k30576 _lЦветомила Тодорова |
||
| 999 |
_c539483 _d539483 |
||